000 02660nam a22002177a 4500
005 20241126094957.0
008 241126b ||||| |||| 00| 0 eng d
020 _a9788132110378
040 _cAL
041 _aeng
082 _223
_a658
_bPITE
100 _aPitt Martyn
_9186533
245 _aEssentials of strategic management
260 _aNew Delhi
_bSage Publications
_c2023
300 _axviii,451p.
_bPB
_c24x16.2cm.
365 _2General
_a5167
_b₹716.00
_c
_d₹895.00
_e20%
_f21-11-2024
520 _aAbout the Book: Essentials of Strategic Management This exciting new textbook is built on the belief that strategic management principles are more straightforward than they seem. Unlike other textbooks, it does not overcomplicate the discussion with enigmatic layers of theory or irrelevant perspectives from other disciplines. Instead, you will find focused, clearly articulated coverage of the key topics of strategic management, encouraging critical reflection and deeper exploration on your own terms. Fully developed to cover the essentials of any strategic management course, this textbook not only creates understanding of the principles of strategy but shows you how to apply them constructively in the face of real-world practicalities. Throughout the text, these principles are put into context with illustrations and examples drawn from all over the world and from all kinds of organization - from Shell, Airbus and Tesco to small and non-profit enterprises. With an emphasis on topical, distinctive and engaging features, this text offers: Over 120 short, topical case studies drawn from every type of organization across more than 20 countries, written especially for this book and supplemented with questions and tasks. Worksheets for strategy analysis that can be used to tackle real-world situations Learning outcomes, key points and summaries to focus your reading on what matters Chapter-by-chapter exercises for further study and discussion Suggestions for further reading to deepen your understanding of the theories underpinning the chapters In addition, tutors will benefit from a fully developed companion website offering lecture slides, teaching notes for case studies and assignments, module plans and links to further reading.www.sagepub.co.uk/pit Contents Preface The Essence of Strategy and Strategic Management Understanding the External Environment Industry Sector Environments Enterprise Stakeholders, Identity and Purpose Enterprise Resources Distinctive Capabilities Strategic Decision-M
650 _2Management
_aStrategic Management
_9186534
700 _aKoufopoulos, Dimitrios
_9186535
942 _2ddc
_cBK
999 _c231996
_d231996